000 00627nam a22002057a 4500
003 NUST
005 20230225175827.0
008 180717b ||||| |||| 00| 0 eng d
038 _aAttaullah.
082 _a330
100 _aZafar, Zakia
_917373
245 _aEconometric Modeling of Aggregate Consumption for Pakistan
_cZakia Zafar.
260 _aIslamabad ;
_bS3H - NUST,
_c2013.
300 _a39p.: ill. ;
_c30cm.
500 _aHard Cover.
650 _aEconomics - MS Thesis.
_917366
700 _aDr. Tanweer-Ul-Islam.
_917374
856 _uhttp://10.250.8.41:8080/xmlui/handle/123456789/30519
942 _2ddc
_cTHE
999 _c478770
_d478770